[Event "CCM6 - 13. ORDIX Open"]
[Site "Mainz"]
[Date "2006.??.??"]
[Round "10"]
[White "Buhmann, Rainer"]
[Black "Naiditsch, Arkadij"]
[Result "1-0"]
[WhiteElo "2552"]
[BlackElo "2669"]
[PlyCount "213"]
[EventDate "2006.??.??"]
[EventType "rapid"]
[EventRounds "11"]
[EventCountry "GER"]
[Source "Mike Rosa"]
[SourceDate "2009.01.01"]

1. Nf3 Nf6 2. c4 c5 3. Nc3 d5 4. cxd5 Nxd5 5. d4 e6 6. e4 Nxc3 7. bxc3 cxd4 8.
cxd4 Bb4+ 9. Bd2 Bxd2+ 10. Qxd2 O-O 11. Be2 b6 12. O-O Bb7 13. Qe3 Nd7 14. e5
Qe7 15. Ng5 Rac8 16. Bd3 g6 17. Be4 Ba6 18. Rfd1 Rc7 19. Bf3 Rfc8 20. Ne4 Rc2
21. Qf4 Be2 22. Bxe2 Rxe2 23. h4 Kg7 24. Rac1 Rcc2 25. Rxc2 Rxc2 26. h5 h6 27.
hxg6 fxg6 28. Rc1 g5 29. Qe3 Rxc1+ 30. Qxc1 Nf8 31. Nd6 Ng6 32. g3 Qd7 33. Qc8
Qxc8 34. Nxc8 h5 35. Kg2 Kf7 36. Nxa7 Ne7 37. Kf3 Nd5 38. Nb5 Kg6 39. a3 Kf5
40. Nd6+ Kg6 41. Nc4 Kf7 42. Nd6+ Kg6 43. Nc4 Kf7 44. Ke4 Kg6 45. Kf3 Kg7 46.
Ne3 Nc3 47. Nc4 Nd5 48. Kg2 Kg6 49. Nd6 Nc3 50. Kf3 Nd5 51. Nc4 Kg7 52. Ne3 Nc3
53. Nc4 Nd5 54. Nd2 Kg6 55. Ne4 Kf5 56. Nd6+ Kg6 57. Ke4 Nc3+ 58. Kd3 Nd5 59.
Ke4 Nc3+ 60. Kf3 Nd5 61. g4 h4 62. Nc4 Kf7 63. a4 Ke7 64. Nd6 Nc3 65. Nc8+ Kd7
66. Nxb6+ Kc6 67. a5 Nb5 68. Nc4 Nxd4+ 69. Kg2 Kd5 70. a6 Nc6 71. Nd2 Kxe5 72.
Nf3+ Kf4 73. Nd4 Na7 74. Kh3 Ke5 75. Nf3+ Kf4 76. Nxh4 Nb5 77. Ng6+ Kf3 78. Nf8
e5 79. Ne6 Kxf2 80. Nxg5 Ke3 81. Ne6 Ke4 82. Kh4 Kd5 83. Ng5 Kc6 84. Ne4 Nd4
85. g5 Nf5+ 86. Kg4 Ne7 87. Kh5 Kb6 88. Nc5 e4 89. Kg4 e3 90. Kf3 Nf5 91. Ke2
Ka7 92. Kd3 Kb6 93. g6 Ka7 94. Ke2 Kb6 95. Kd3 Ka7 96. Ne6 Kxa6 97. Nd4 Ne7 98.
g7 Kb7 99. Kxe3 Kc7 100. Ke4 Kd7 101. Ke5 Kd8 102. Ke6 Ke8 103. Nf5 Ng8 104.
Nd6+ Kd8 105. Ne4 Nh6 106. Nf6 Kc7 107. Ng4 1-0

[Event "CCM6 - 13. ORDIX Open"]
[Site "Mainz"]
[Date "2006.??.??"]
[Round "10"]
[White "Doettling, Fabian"]
[Black "Aleksandrov, Alexcey"]
[Result "0-1"]
[WhiteElo "2550"]
[BlackElo "2634"]
[PlyCount "72"]
[EventDate "2006.??.??"]
[EventType "rapid"]
[EventRounds "11"]
[EventCountry "GER"]
[Source "Mike Rosa"]
[SourceDate "2009.01.01"]

1. d4 Nf6 2. Nf3 d5 3. c4 e6 4. g3 Bb4+ 5. Bd2 a5 6. Bg2 c6 7. Qc2 b6 8. O-O
Ba6 9. b3 O-O 10. Rd1 Nbd7 11. Bf4 Rc8 12. Nbd2 Nh5 13. Bg5 f6 14. Be3 f5 15.
a3 Bd6 16. b4 f4 17. gxf4 Nxf4 18. Bxf4 Bxf4 19. e3 Bb8 20. Qb3 Kh8 21. Rac1
Nf6 22. b5 Bb7 23. cxd5 Nxd5 24. bxc6 Rxc6 25. Rxc6 Bxc6 26. Nc4 a4 27. Qd3 Bb5
28. Qc2 Qe7 29. Rb1 Bxc4 30. Qxc4 Qxa3 31. Qc6 Qd6 32. Qxd6 Bxd6 33. Ng5 a3 34.
Nxe6 Nc3 35. Rxb6 a2 36. Ra6 Rb8 0-1

[Event "CCM6 - 13. ORDIX Open"]
[Site "Mainz"]
[Date "2006.??.??"]
[Round "10"]
[White "Erenburg, Sergey"]
[Black "Volokitin, Andrei"]
[Result "0-1"]
[WhiteElo "2560"]
[BlackElo "2677"]
[PlyCount "148"]
[EventDate "2006.??.??"]
[EventType "rapid"]
[EventRounds "11"]
[EventCountry "GER"]
[Source "Mike Rosa"]
[SourceDate "2009.01.01"]

1. e4 c5 2. Nf3 d6 3. d4 cxd4 4. Nxd4 Nf6 5. Nc3 a6 6. Be3 e6 7. f3 b5 8. Qd2
Nbd7 9. g4 h6 10. O-O-O Ne5 11. Bd3 Bb7 12. a3 d5 13. exd5 Nxd5 14. Nxd5 Bxd5
15. Bf4 Nxf3 16. Nxf3 Bxf3 17. Qe3 Bxh1 18. Be4 Bxe4 19. Rxd8+ Rxd8 20. Qxe4
Rd5 21. Be5 Kd7 22. Bc3 h5 23. g5 Be7 24. Bxg7 Bxg5+ 25. Kb1 Rc8 26. Qf3 Ke7
27. Qxh5 Bf6 28. Bxf6+ Kxf6 29. Qh4+ Kg7 30. Qg4+ Kf8 31. h4 Rc4 32. Qg3 Rd1+
33. Ka2 Rxc2 34. Qb8+ Kg7 35. Qe5+ Kg8 36. Qb8+ Kh7 37. Qb7 Rf2 38. Qxa6 Rd5
39. a4 bxa4 40. Qxa4 Rdd2 41. Qe4+ Kh6 42. Qe3+ Kh7 43. Qe4+ Kg7 44. Qe5+ Kf8
45. Qc5+ Ke8 46. Qc8+ Ke7 47. Qc5+ Kd7 48. Qa7+ Kd6 49. Qb8+ Ke7 50. Qc7+ Kf6
51. Ka3 Rxb2 52. Qd8+ Ke5 53. Qg5+ f5 54. Qg7+ Ke4 55. h5 Rh2 56. h6 Rbg2 57.
Qb7+ Kf4 58. Qc7+ e5 59. Qc1+ Kg4 60. Qd1+ Kg5 61. Qd8+ Kf4 62. Qd6 Rg3+ 63.
Ka4 Rgh3 64. Qb4+ e4 65. Qd6+ Kg5 66. Qe7+ Kg4 67. Qg7+ Kf3 68. Qc3+ e3 69.
Qc6+ Kf2 70. Qc2+ e2 71. Qxf5+ Rf3 72. Qc5+ Kf1 73. Qc4 Rxh6 74. Qg4 Rhf6 0-1

[Event "CCM6 - 13. ORDIX Open"]
[Site "Mainz"]
[Date "2006.??.??"]
[Round "10"]
[White "Kasimdzhanov, Rustam"]
[Black "Mamedyarov, Shakhriyar"]
[Result "1/2-1/2"]
[WhiteElo "2673"]
[BlackElo "2722"]
[PlyCount "54"]
[EventDate "2006.??.??"]
[EventType "rapid"]
[EventRounds "11"]
[EventCountry "GER"]
[Source "Mike Rosa"]
[SourceDate "2009.01.01"]

1. e4 e5 2. Nf3 Nc6 3. Bb5 a6 4. Ba4 Nf6 5. O-O Be7 6. Re1 b5 7. Bb3 d6 8. c3
O-O 9. h3 Na5 10. Bc2 c5 11. d4 Nd7 12. dxc5 dxc5 13. Nbd2 Bb7 14. Nf1 Nc4 15.
Qe2 Qc7 16. Ng3 Rfe8 17. Nf5 Bf8 18. Nh2 Nd6 19. Nxd6 Qxd6 20. b3 Qe6 21. Ng4
c4 22. bxc4 bxc4 23. Rb1 Nc5 24. Be3 Bxe4 25. Bxc5 Bxc2 26. Rb6 Bd3 27. Rxe6
Bxe2 1/2-1/2

[Event "CCM6 - 13. ORDIX Open"]
[Site "Mainz"]
[Date "2006.??.??"]
[Round "10"]
[White "Ruck, Robert"]
[Black "Morozevich, Alexander"]
[Result "1-0"]
[WhiteElo "2537"]
[BlackElo "2730"]
[PlyCount "92"]
[EventDate "2006.??.??"]
[EventType "rapid"]
[EventRounds "11"]
[EventCountry "GER"]
[Source "Mike Rosa"]
[SourceDate "2009.01.01"]

1. Nf3 d5 2. d4 Nf6 3. c4 c6 4. Nc3 a6 5. a4 e6 6. g3 a5 7. Bg2 Be7 8. O-O O-O
9. Nd2 Na6 10. e4 Nb4 11. e5 Nd7 12. cxd5 cxd5 13. Ndb1 Nb8 14. Na3 N8c6 15.
Nab5 Bd7 16. Be3 Qb6 17. Qd2 Na7 18. Nxa7 Rxa7 19. Rfc1 Raa8 20. Bf1 Rfc8 21.
Nb5 Rc6 22. Rc3 Rac8 23. Qd1 Bf8 24. h4 Na6 25. Rac1 Nc7 26. Rb3 Rxc1 27. Bxc1
Bb4 28. Nd6 Rf8 29. Qg4 f5 30. exf6 Rxf6 31. Bg5 Rg6 32. Nb5 Nxb5 33. axb5 Qd6
34. Qf4 Qxf4 35. gxf4 h6 36. h5 hxg5 37. hxg6 gxf4 38. b6 Kf8 39. Rh3 Ke7 40.
Rh8 a4 41. Bd3 Bc6 42. Ra8 Kf6 43. Bc2 Bb5 44. Bxa4 Ba6 45. Bc2 e5 46. dxe5+
Kxe5 1-0

[Event "CCM6 - 13. ORDIX Open"]
[Site "Mainz"]
[Date "2006.??.??"]
[Round "10"]
[White "Vescovi, Giovanni"]
[Black "Kosteniuk, Alexandra"]
[Result "1-0"]
[WhiteElo "2619"]
[BlackElo "2540"]
[PlyCount "87"]
[EventDate "2006.??.??"]
[EventType "rapid"]
[EventRounds "11"]
[EventCountry "GER"]
[Source "Mike Rosa"]
[SourceDate "2009.01.01"]

1. d4 Nf6 2. Nf3 e6 3. Bg5 h6 4. Bh4 g5 5. Bg3 Ne4 6. Nbd2 Nxg3 7. hxg3 Bg7 8.
e3 c5 9. c3 d6 10. Qc2 Nc6 11. O-O-O Qe7 12. dxc5 d5 13. e4 Qxc5 14. exd5 exd5
15. Nb3 Qe7 16. Bb5 a6 17. Bxc6+ bxc6 18. Rde1 Be6 19. Nbd4 O-O 20. Nxc6 Qf6
21. Nfd4 Rfe8 22. Nxe6 fxe6 23. Ne5 Qf5 24. Qxf5 exf5 25. Nc6 Kf7 26. Kd2 Rac8
27. Rxe8 Rxe8 28. Re1 Rxe1 29. Kxe1 Ke6 30. Kd2 h5 31. Kd3 g4 32. Nd4+ Kf6 33.
Ne2 Bh6 34. b4 Ke5 35. a4 Bg5 36. Nf4 Bd8 37. Nxh5 Bb6 38. f3 a5 39. Nf4 Bf2
40. Ne2 axb4 41. cxb4 Be1 42. Nd4 Bxg3 43. a5 Bf2 44. a6 1-0

[Event "CCM6 - 13. ORDIX Open"]
[Site "Mainz"]
[Date "2006.??.??"]
[Round "11"]
[White "Aleksandrov, Alexcey"]
[Black "Ginsburg, Gennadij"]
[Result "1/2-1/2"]
[WhiteElo "2634"]
[BlackElo "2503"]
[PlyCount "45"]
[EventDate "2006.??.??"]
[EventType "rapid"]
[EventRounds "11"]
[EventCountry "GER"]
[Source "Mike Rosa"]
[SourceDate "2009.01.01"]

1. d4 d5 2. c4 e6 3. Nc3 Be7 4. cxd5 exd5 5. Bf4 Nf6 6. e3 O-O 7. Bd3 c6 8. Qc2
Bg4 9. Nge2 Bh5 10. Ng3 Bg6 11. Nf5 Re8 12. h3 Nbd7 13. O-O Nf8 14. Bg5 Ne6 15.
Bh6 Bf8 16. b4 a6 17. a4 Qd6 18. Rab1 Rac8 19. Rfd1 Ng5 20. Qb2 Qe6 21. b5 Nge4
22. Ne2 Qd6 23. Nf4 1/2-1/2

[Event "CCM6 - 13. ORDIX Open"]
[Site "Mainz"]
[Date "2006.??.??"]
[Round "11"]
[White "Mamedyarov, Shakhriyar"]
[Black "Vescovi, Giovanni"]
[Result "1-0"]
[WhiteElo "2722"]
[BlackElo "2619"]
[PlyCount "41"]
[EventDate "2006.??.??"]
[EventType "rapid"]
[EventRounds "11"]
[EventCountry "GER"]
[Source "Mike Rosa"]
[SourceDate "2009.01.01"]

1. d4 d5 2. c4 e6 3. Nc3 Nf6 4. Nf3 c6 5. e3 Nbd7 6. Bd3 dxc4 7. Bxc4 b5 8. Bd3
Bb7 9. e4 b4 10. Na4 c5 11. e5 Nd5 12. O-O cxd4 13. Re1 g6 14. Bd2 Bg7 15. Bb5
O-O 16. Bg5 f6 17. exf6 N7xf6 18. Nxd4 Nc7 19. Bc4 Bd5 20. Nxe6 Bxe6 21. Rxe6
1-0

[Event "CCM6 - 13. ORDIX Open"]
[Site "Mainz"]
[Date "2006.??.??"]
[Round "11"]
[White "Mchedlishvili, Mikhail"]
[Black "Balogh, Csaba"]
[Result "1-0"]
[WhiteElo "2572"]
[BlackElo "2609"]
[PlyCount "57"]
[EventDate "2006.??.??"]
[EventType "rapid"]
[EventRounds "11"]
[EventCountry "GER"]
[Source "Mike Rosa"]
[SourceDate "2009.01.01"]

1. d4 Nf6 2. c4 e6 3. Nf3 b6 4. Bg5 Bb7 5. Nc3 Bb4 6. Nd2 h6 7. Bh4 Be7 8. e4
Nxe4 9. Bxe7 Nxc3 10. Bxd8 Nxd1 11. Bxc7 Nxb2 12. a4 d5 13. cxd5 exd5 14. Ra2
Nc4 15. Nxc4 dxc4 16. Bxc4 Kd7 17. Be5 f6 18. Bg3 Rc8 19. Bb5+ Bc6 20. Kd2 a6
21. Bd3 Kd8 22. f3 Nd7 23. Re1 Ra7 24. Bd6 Bd5 25. Rc2 Rxc2+ 26. Bxc2 Kc8 27.
Bf5 Bc6 28. d5 Bxa4 29. Re8+ 1-0

[Event "CCM6 - 13. ORDIX Open"]
[Site "Mainz"]
[Date "2006.??.??"]
[Round "11"]
[White "Polzin, Rainer"]
[Black "Agrest, Evgenij"]
[Result "0-1"]
[WhiteElo "2494"]
[BlackElo "2587"]
[PlyCount "51"]
[EventDate "2006.??.??"]
[EventType "rapid"]
[EventRounds "11"]
[EventCountry "GER"]
[Source "Mike Rosa"]
[SourceDate "2009.01.01"]

1. e4 c5 2. Nf3 d6 3. d4 Nf6 4. Nc3 cxd4 5. Nxd4 a6 6. f4 Nbd7 7. Nf3 e6 8. Bd3
Nc5 9. O-O Be7 10. Qe1 b5 11. a3 Bb7 12. Bd2 O-O 13. Rd1 Qc7 14. Kh1 Rad8 15.
Bc1 Kh8 16. Qe2 e5 17. Nh4 d5 18. fxe5 Nfxe4 19. Nf3 f5 20. exf6 Bxf6 21. Nb1
Rfe8 22. Bxe4 Nxe4 23. Qd3 d4 24. Nbd2 Qc8 25. Nb3 Bd5 26. Nfxd4 0-1

[Event "CCM6 - 13. ORDIX Open"]
[Site "Mainz"]
[Date "2006.??.??"]
[Round "11"]
[White "Tregubov, Pavel"]
[Black "Sargissian, Gabriel"]
[Result "1/2-1/2"]
[WhiteElo "2580"]
[BlackElo "2680"]
[PlyCount "74"]
[EventDate "2006.??.??"]
[EventType "rapid"]
[EventRounds "11"]
[EventCountry "GER"]
[Source "Mike Rosa"]
[SourceDate "2009.01.01"]

1. d4 Nf6 2. c4 e6 3. Nf3 b6 4. g3 Ba6 5. Qc2 Bb7 6. Bg2 c5 7. d5 exd5 8. cxd5
Nxd5 9. O-O Nc7 10. e4 Be7 11. Nc3 O-O 12. Rd1 Nc6 13. Be3 Bf6 14. Qd2 Ne6 15.
Qxd7 Qb8 16. Qd2 Ncd4 17. Nd5 Nxf3+ 18. Bxf3 Be5 19. Bg2 Qd8 20. Rac1 Rc8 21.
b4 Bd4 22. bxc5 bxc5 23. Rc4 Re8 24. Rdc1 Bxe3 25. fxe3 h5 26. h4 Nf8 27. Rd1
Ng6 28. Qb2 Ba8 29. Qc2 Qd6 30. Nf4 Qe5 31. Rc1 Bb7 32. Rxc5 Rxc5 33. Qxc5 Rc8
34. Qa3 Bxe4 35. Bxe4 Qxe4 36. Nxg6 Qxg6 37. Kh2 Qe6 1/2-1/2

[Event "CCM6 - 13. ORDIX Open"]
[Site "Mainz"]
[Date "2006.??.??"]
[Round "11"]
[White "Volokitin, Andrei"]
[Black "Buhmann, Rainer"]
[Result "1/2-1/2"]
[WhiteElo "2677"]
[BlackElo "2552"]
[PlyCount "67"]
[EventDate "2006.??.??"]
[EventType "rapid"]
[EventRounds "11"]
[EventCountry "GER"]
[Source "Mike Rosa"]
[SourceDate "2009.01.01"]

1. e4 e6 2. d4 d5 3. Nc3 Nf6 4. e5 Nfd7 5. f4 c5 6. Nf3 Nc6 7. Be3 cxd4 8. Nxd4
Bc5 9. Qd2 O-O 10. O-O-O a6 11. Qf2 Bxd4 12. Bxd4 b5 13. Bd3 b4 14. Ne2 a5 15.
Qg3 Ba6 16. f5 exf5 17. Rhf1 Bxd3 18. Rxd3 Nxd4 19. Nxd4 Nc5 20. Re3 Ne4 21.
Rxe4 fxe4 22. Rf6 Kh8 23. Nf5 g6 24. Nh6 Qe7 25. Qf4 Qc5 26. Nxf7+ Rxf7 27.
Rxf7 Qg1+ 28. Kd2 Qxg2+ 29. Kc1 Qg1+ 30. Kd2 Qg2+ 31. Kc1 Qg1+ 32. Kd2 Qg2+ 33.
Kc1 Qg1+ 34. Kd2 1/2-1/2

[Event "CCM7 - 14. ORDIX Open"]
[Site "Mainz"]
[Date "2007.??.??"]
[Round "1"]
[White "Gerdell, Frank"]
[Black "Almasi, Zoltan"]
[Result "0-1"]
[WhiteElo "2098"]
[BlackElo "2682"]
[PlyCount "48"]
[EventDate "2007.??.??"]
[EventType "rapid"]
[EventRounds "11"]
[EventCountry "GER"]
[Source "Mike Rosa"]
[SourceDate "2009.01.01"]

1. c4 e5 2. Nc3 Nc6 3. Nf3 Nf6 4. e3 Bb4 5. Qc2 Bxc3 6. Qxc3 Qe7 7. d4 Ne4 8.
Qd3 exd4 9. Nxd4 O-O 10. Be2 Qb4+ 11. Kf1 Qe7 12. a3 a5 13. b3 Nc5 14. Qc2 a4
15. Nxc6 dxc6 16. b4 Nb3 17. Rb1 Rd8 18. f3 Be6 19. Rxb3 axb3 20. Qxb3 b5 21.
Bb2 Bxc4 22. Bxc4 bxc4 23. Qc3 Qg5 24. Kf2 Rd3 0-1

[Event "CCM7 - 14. ORDIX Open"]
[Site "Mainz"]
[Date "2007.??.??"]
[Round "1"]
[White "Ivanchuk, Vassily"]
[Black "Beutel, Jens"]
[Result "1-0"]
[WhiteElo "2766"]
[BlackElo "2038"]
[PlyCount "99"]
[EventDate "2007.??.??"]
[EventType "rapid"]
[EventRounds "11"]
[EventCountry "GER"]
[Source "Mike Rosa"]
[SourceDate "2009.01.01"]

1. e4 e5 2. Nf3 Nc6 3. Bb5 a6 4. Ba4 Nf6 5. O-O Nxe4 6. d4 b5 7. Bb3 d5 8. dxe5
Be6 9. Nbd2 Nc5 10. c3 Be7 11. Bc2 Bg4 12. Re1 Ne6 13. Nf1 Bh5 14. Ng3 Bg6 15.
Bb3 d4 16. Bxe6 fxe6 17. Nxd4 Nxd4 18. cxd4 O-O 19. Be3 Qd5 20. Ne2 Qd7 21. Rc1
Rac8 22. Qb3 c6 23. f3 Rfd8 24. Nf4 Bf7 25. Red1 Bg5 26. Ne2 Bxe3+ 27. Qxe3 c5
28. d5 exd5 29. Rxc5 Be6 30. Rxc8 Qxc8 31. Nd4 Qd7 32. Qa3 Ra8 33. Rc1 Qa7 34.
Qc5 Qxc5 35. Rxc5 Re8 36. Kf2 g6 37. Rc6 Bc8 38. b4 Kg7 39. g4 Kh6 40. h4 Kg7
41. a3 Kg8 42. Kg3 Bb7 43. Rc7 Bc8 44. Kf4 h6 45. Rc6 Kg7 46. e6 Kf6 47. g5+
hxg5+ 48. hxg5+ Ke7 49. Ke5 Kf8 50. Kf6 1-0

[Event "CCM7 - 14. ORDIX Open"]
[Site "Mainz"]
[Date "2007.??.??"]
[Round "1"]
[White "Kamsky, Gata"]
[Black "Wettengel, Alexander"]
[Result "1-0"]
[WhiteElo "2717"]
[BlackElo "2099"]
[PlyCount "107"]
[EventDate "2007.??.??"]
[EventType "rapid"]
[EventRounds "11"]
[EventCountry "GER"]
[Source "Mike Rosa"]
[SourceDate "2009.01.01"]

1. e4 e6 2. d4 d5 3. Nc3 Bb4 4. e5 c5 5. a3 Bxc3+ 6. bxc3 Qc7 7. Qg4 f5 8. Qh5+
Qf7 9. Qd1 Qc7 10. h4 b6 11. Bb5+ Bd7 12. Bd3 Ba4 13. Bd2 Nc6 14. Nf3 c4 15.
Be2 O-O-O 16. Ng5 Re8 17. h5 Nh6 18. Be3 Nd8 19. Qd2 Nhf7 20. Nh3 g6 21. g3
Reg8 22. Ng5 Qe7 23. Bf3 h6 24. Nxf7 Nxf7 25. hxg6 Rxg6 26. Bh5 Ng5 27. f3 Rg7
28. Kf2 Rhg8 29. Bf4 Rh8 30. Qc1 Kb7 31. Qb2 a5 32. Rab1 Qc7 33. Rh2 Rb8 34.
Rbh1 Rbg8 35. Qc1 Qe7 36. Rh4 Qd7 37. R1h2 Qe7 38. Ke2 Ka7 39. g4 Bd7 40. Rh1
Ba4 41. Ke3 Bc6 42. R4h2 Rf8 43. Rg2 fxg4 44. Rxg4 Rfg8 45. Rgh4 Rf8 46. Ke2
Be8 47. Bxe8 Qxe8 48. Rxh6 Rf5 49. Rf6 Qg8 50. Qe3 Ne4 51. fxe4 Rg2+ 52. Kd1
Qg4+ 53. Kc1 Rxf4 54. Rxf4 1-0

[Event "CCM7 - 14. ORDIX Open"]
[Site "Mainz"]
[Date "2007.??.??"]
[Round "1"]
[White "Karjakin, Sergey"]
[Black "Prill, Gerhard"]
[Result "1-0"]
[WhiteElo "2678"]
[BlackElo "2094"]
[PlyCount "79"]
[EventDate "2007.??.??"]
[EventType "rapid"]
[EventRounds "11"]
[EventCountry "GER"]
[Source "Mike Rosa"]
[SourceDate "2009.01.01"]

1. e4 e5 2. Nf3 Nc6 3. Bb5 a6 4. Ba4 Nf6 5. O-O Nxe4 6. d4 b5 7. Bb3 d5 8. dxe5
Be6 9. Nbd2 Bc5 10. Qe2 Nxd2 11. Bxd2 O-O 12. Rad1 Ne7 13. Be3 Bxe3 14. Qxe3
Qd7 15. Qc5 Rfd8 16. c3 Ng6 17. Rfe1 Rab8 18. Nd4 Rb6 19. Bc2 Qe7 20. Qxe7 Nxe7
21. b4 Ng6 22. g3 Re8 23. f4 Bc8 24. a4 Bd7 25. a5 Rbb8 26. Nb3 c6 27. Nc5 Bc8
28. Bxg6 hxg6 29. Kf2 Ra8 30. Ke3 Kf8 31. Kd4 Ke7 32. Rd2 Kd8 33. Nb3 Kc7 34.
Kc5 Bd7 35. Nd4 Re7 36. h4 Rh8 37. Rde2 Rhe8 38. Re3 Rh8 39. e6 fxe6 40. Nxe6+
1-0

[Event "CCM7 - 14. ORDIX Open"]
[Site "Mainz"]
[Date "2007.??.??"]
[Round "1"]
[White "Rosa, Mike"]
[Black "Mamedyarov, Shakhriyar"]
[Result "0-1"]
[WhiteElo "2098"]
[BlackElo "2755"]
[PlyCount "52"]
[EventDate "2007.??.??"]
[EventType "rapid"]
[EventRounds "11"]
[EventCountry "GER"]
[Source "Mike Rosa"]
[SourceDate "2009.01.01"]

1. e4 d6 2. d4 Nf6 3. Nc3 g6 4. Nf3 Bg7 5. Bc4 O-O 6. Bb3 Nc6 7. h3 Na5 8. O-O
c6 9. e5 Ne8 10. Bf4 Nc7 11. Qd2 Nxb3 12. axb3 Ne6 13. Bh6 dxe5 14. Bxg7 Kxg7
15. dxe5 Qxd2 16. Nxd2 Nd4 17. Ra4 Rd8 18. Rxd4 Rxd4 19. Nf3 Rd8 20. Ne2 b6 21.
c3 c5 22. Ng3 Bb7 23. Re1 Bxf3 24. gxf3 Rd2 25. Re2 Rxe2 26. Nxe2 Rd8 0-1

[Event "CCM7 - 14. ORDIX Open"]
[Site "Mainz"]
[Date "2007.??.??"]
[Round "1"]
[White "Shirov, Alexei"]
[Black "Schwenke, Allard"]
[Result "1-0"]
[WhiteElo "2735"]
[BlackElo "1692"]
[PlyCount "43"]
[EventDate "2007.??.??"]
[EventType "rapid"]
[EventRounds "11"]
[EventCountry "GER"]
[Source "Mike Rosa"]
[SourceDate "2009.01.01"]

1. d4 f5 2. g3 g6 3. Bg2 Bg7 4. Nf3 Nf6 5. O-O O-O 6. c4 d6 7. b4 Ne4 8. Bb2 b6
9. Nfd2 Nxd2 10. Nxd2 c6 11. e4 Qc7 12. Re1 e5 13. c5 Re8 14. Nc4 dxc5 15. dxe5
Be6 16. Nd6 Re7 17. exf5 gxf5 18. bxc5 Nd7 19. cxb6 Nxb6 20. Rc1 Rd8 21. Bxc6
Rxd6 22. exd6 1-0

[Event "CCM7 - 14. ORDIX Open"]
[Site "Mainz"]
[Date "2007.??.??"]
[Round "1"]
[White "Szonyi, Kata"]
[Black "Akopian, Vladimir"]
[Result "0-1"]
[WhiteElo "2097"]
[BlackElo "2708"]
[PlyCount "40"]
[EventDate "2007.??.??"]
[EventType "rapid"]
[EventRounds "11"]
[EventCountry "GER"]
[Source "Mike Rosa"]
[SourceDate "2009.01.01"]

1. e4 e6 2. d4 d5 3. Nc3 Bb4 4. exd5 exd5 5. Bd3 Nc6 6. a3 Bxc3+ 7. bxc3 Nge7
8. Qh5 Be6 9. Ne2 Qd7 10. O-O Bf5 11. Nf4 O-O 12. Re1 Rfe8 13. Rb1 Ng6 14. Bd2
Bxd3 15. Nxd3 Na5 16. Re2 Rxe2 17. Qxe2 Re8 18. Qd1 b6 19. Nf4 Nc4 20. Nxg6
hxg6 0-1

[Event "CCM7 - 14. ORDIX Open"]
[Site "Mainz"]
[Date "2007.??.??"]
[Round "1"]
[White "Volokitin, Andrei"]
[Black "Buzov, Boris"]
[Result "1-0"]
[WhiteElo "2698"]
[BlackElo "2096"]
[PlyCount "65"]
[EventDate "2007.??.??"]
[EventType "rapid"]
[EventRounds "11"]
[EventCountry "GER"]
[Source "Mike Rosa"]
[SourceDate "2009.01.01"]

1. d4 d5 2. c4 e6 3. Nf3 Nf6 4. g3 Be7 5. Bg2 O-O 6. O-O dxc4 7. Qc2 Nc6 8.
Qxc4 Qd5 9. Qd3 Nb4 10. Qd1 c5 11. Nc3 Qd8 12. a3 Nbd5 13. Nxd5 Qxd5 14. dxc5
Bxc5 15. b4 Bb6 16. Bb2 Qxd1 17. Rfxd1 a5 18. b5 a4 19. Rab1 Nd5 20. Ne5 Nc7
21. Nc4 Bc5 22. Bd4 Bxd4 23. Rxd4 Nd5 24. Bxd5 exd5 25. Nb6 Ra5 26. Nxd5 Be6
27. Rbb4 g6 28. Nb6 Bb3 29. Nc4 Bxc4 30. Rdxc4 Rd8 31. Rc7 Rd1+ 32. Kg2 Ra1 33.
Rf4 1-0

[Event "CCM7 - 14. ORDIX Open"]
[Site "Mainz"]
[Date "2007.??.??"]
[Round "1"]
[White "Wahl, Frithjof"]
[Black "Sasikiran, Krishnan"]
[Result "0-1"]
[WhiteElo "2094"]
[BlackElo "2674"]
[PlyCount "58"]
[EventDate "2007.??.??"]
[EventType "rapid"]
[EventRounds "11"]
[EventCountry "GER"]
[Source "Mike Rosa"]
[SourceDate "2009.01.01"]

1. e4 c5 2. Nc3 a6 3. g3 b5 4. Bg2 Bb7 5. d3 g6 6. Nf3 Bg7 7. O-O d6 8. a4 b4
9. Ne2 Nd7 10. Rb1 e6 11. c4 Ne7 12. b3 Qc7 13. Qc2 O-O 14. Bb2 e5 15. Nd2 f5
16. f4 Rae8 17. Rbe1 Nf6 18. h3 fxe4 19. dxe4 Nc6 20. f5 Nd4 21. Bxd4 cxd4 22.
fxg6 hxg6 23. g4 Bh6 24. Qd3 Be3+ 25. Kh1 Nxg4 26. Nf3 Qh7 27. Ng3 Nf2+ 28.
Rxf2 Bxf2 29. Ng5 Qh4 0-1

[Event "CCM7 - 14. ORDIX Open"]
[Site "Mainz"]
[Date "2007.??.??"]
[Round "2"]
[White "Almasi, Zoltan"]
[Black "Schaefer, Michael"]
[Result "1-0"]
[WhiteElo "2682"]
[BlackElo "2242"]
[PlyCount "53"]
[EventDate "2007.??.??"]
[EventType "rapid"]
[EventRounds "11"]
[EventCountry "GER"]
[Source "Mike Rosa"]
[SourceDate "2009.01.01"]

1. e4 c5 2. Nf3 Nc6 3. d4 cxd4 4. Nxd4 Nf6 5. Nc3 e5 6. Ndb5 h6 7. Nd5 Nxd5 8.
exd5 a6 9. Nc3 Nd4 10. Bd3 d6 11. O-O Be7 12. Ne4 O-O 13. Ng3 Bg5 14. c3 Nb5
15. f4 exf4 16. Bxf4 Nc7 17. c4 Ne8 18. Kh1 Bd7 19. Qf3 b5 20. b3 bxc4 21. bxc4
Rb8 22. Rae1 Rb2 23. Ne4 Bxf4 24. Qxf4 Qb6 25. Qh4 Qc7 26. Ng3 Rd2 27. Qd4 1-0

[Event "CCM7 - 14. ORDIX Open"]
[Site "Mainz"]
[Date "2007.??.??"]
[Round "2"]
[White "Grischuk, Alexander"]
[Black "Sprotte, Norbert"]
[Result "1-0"]
[WhiteElo "2726"]
[BlackElo "2245"]
[PlyCount "100"]
[EventDate "2007.??.??"]
[EventType "rapid"]
[EventRounds "11"]
[EventCountry "GER"]
[Source "Mike Rosa"]
[SourceDate "2009.01.01"]

1. Nf3 d5 2. d4 Bf5 3. c4 e6 4. Nc3 c6 5. Qb3 Qc8 6. Nh4 Bg6 7. Nxg6 hxg6 8. g3
Nf6 9. Bg2 Be7 10. e4 dxe4 11. Nxe4 Nxe4 12. Bxe4 Nd7 13. Bg2 Qc7 14. O-O O-O
15. Rd1 Qb6 16. Qc2 Rad8 17. Be3 Qc7 18. Rac1 Nf6 19. h3 Rc8 20. Qa4 Qb8 21.
Qb3 b6 22. Bf3 c5 23. Qc3 cxd4 24. Bxd4 Rfd8 25. b4 Qc7 26. Kg2 Ne8 27. Be5 Bd6
28. Rxd6 Rxd6 29. c5 Rd3 30. Qxd3 Qxe5 31. c6 Qc7 32. Rd1 Nf6 33. b5 Kf8 34. a4
Ke8 35. Qc3 Rd8 36. Ra1 Kf8 37. a5 Nd5 38. axb6 axb6 39. Bxd5 exd5 40. Qd4 f6
41. Ra6 Qe5 42. Qxe5 fxe5 43. Rxb6 Ke7 44. Rb7+ Kd6 45. c7 Rc8 46. b6 e4 47.
Rb8 Kd7 48. h4 d4 49. Kf1 g5 50. hxg5 g6 1-0

[Event "CCM7 - 14. ORDIX Open"]
[Site "Mainz"]
[Date "2007.??.??"]
[Round "2"]
[White "Heimrath, Reiner"]
[Black "Volokitin, Andrei"]
[Result "0-1"]
[WhiteElo "2244"]
[BlackElo "2698"]
[PlyCount "60"]
[EventDate "2007.??.??"]
[EventType "rapid"]
[EventRounds "11"]
[EventCountry "GER"]
[Source "Mike Rosa"]
[SourceDate "2009.01.01"]

1. d4 Nf6 2. Nf3 g6 3. e3 Bg7 4. Bd3 c5 5. b3 Nc6 6. Bb2 d5 7. a3 Nd7 8. c4
dxc4 9. Bxc4 cxd4 10. Nxd4 Qb6 11. O-O Nxd4 12. Bxd4 Bxd4 13. Qxd4 Qxd4 14.
exd4 Nb6 15. Nc3 Bd7 16. Be2 Bc6 17. b4 Nd5 18. Nd1 Nf4 19. Bc4 Bxg2 20. Re1
Rd8 21. Ne3 Bf3 22. Bb5+ Kf8 23. Rac1 Rxd4 24. Rc7 e6 25. Rec1 Kg7 26. Re7 Nh3+
27. Kf1 Rhd8 28. Be2 Rd2 29. Re1 Rc8 30. b5 Rc5 0-1

[Event "CCM7 - 14. ORDIX Open"]
[Site "Mainz"]
[Date "2007.??.??"]
[Round "2"]
[White "Lehmann, Andreas"]
[Black "Ivanchuk, Vassily"]
[Result "0-1"]
[WhiteElo "2248"]
[BlackElo "2766"]
[PlyCount "58"]
[EventDate "2007.??.??"]
[EventType "rapid"]
[EventRounds "11"]
[EventCountry "GER"]
[Source "Mike Rosa"]
[SourceDate "2009.01.01"]

1. e4 c5 2. Nf3 d6 3. Bb5+ Nd7 4. O-O Ngf6 5. Re1 a6 6. Bf1 b6 7. d4 cxd4 8.
Nxd4 Bb7 9. Nc3 e6 10. Kh1 Rc8 11. f4 Rxc3 12. bxc3 Nxe4 13. Rxe4 Bxe4 14. Bd3
Qa8 15. Qe2 Bxd3 16. cxd3 Be7 17. Ba3 Qd5 18. f5 e5 19. Nf3 O-O 20. Nd2 Nf6 21.
Nc4 b5 22. Nxe5 Re8 23. Nf3 Bf8 24. Qd2 Qxf5 25. Nd4 Qd5 26. Rf1 Ng4 27. Qf4
Ne3 28. Rf3 Qxa2 29. Ne2 Nxg2 0-1